Statistiche per Gli 8 pianeti in 15 secondi

Clicka qui per fare il quiz!

Statistiche generali

  • Questo quiz è stato fatto 65 volte
  • Il punteggio medio è 5 su 8

Statistiche sulle risposte

PIANETI% Corretto
Mercurio
100%
Venere
82%
Terra
80%
Marte
67%
Giove
64%
Saturno
56%
Urano
44%
Nettuno
38%

Distribuzione punteggi

Percentile per numero di risposta

Percentuale di utenti per punteggio

I tuoi punteggi nel tempo

Non hai fatto questo quiz